Die 500 beliebtesten Jungen Vornamen 2023 - Statistiken

Allgemein
  • Dieses Quiz wurde 1.046 mal gespielt
  • Das Durchschnittsergebnis liegt bei 128 aus 500
Antwortstatistiken
Code Name % Korrekt
L-3 Leo
90%
B-3 Ben
88%
L-4 Leon
87%
P-4 Paul
86%
M-3 Max
85%
J-3 Jan
84%
T-3 Tim
84%
N-4 Nick
83%
J-4 John
82%
J-3 Jon
82%
T-3 Tom
82%
L-5 Lukas
81%
C-5 Chris
79%
M-5 Maxim
79%
M-4 Marc
76%
N-4 Noah
76%
A-4 Alex
75%
L-4 Luca
75%
E-4 Elia
74%
F-4 Finn
74%
M-10 Maximilian
74%
E-4 Emil
73%
C-9 Christian
72%
E-5 Elias
72%
J-6 Johann
72%
K-4 Karl
72%
A-9 Alexander
70%
M-7 Michael
69%
A-5 Anton
68%
D-5 Danny
68%
J-8 Johannes
68%
P-5 Peter
68%
T-6 Thomas
68%
J-5 Jonas
67%
L-4 Lean
67%
F-5 Felix
66%
N-4 Nico
66%
S-9 Sebastian
66%
J-6 Julian
65%
K-5 Kevin
65%
P-4 Phil
65%
T-4 Theo
65%
B-8 Benjamin
64%
C-9 Christoph
64%
J-6 Jannik
64%
D-5 David
63%
M-4 Mick
63%
E-4 Erik
62%
M-6 Markus
62%
M-8 Mohammed
62%
F-7 Florian
61%
J-4 Jack
61%
N-6 Niklas
61%
T-4 Timo
61%
A-7 Andreas
60%
D-6 Daniel
60%
H-4 Hans
60%
M-6 Moritz
60%
N-4 Nils
59%
D-4 Dean
58%
F-6 Fabian
58%
H-6 Hannes
58%
M-6 Marten
58%
M-6 Martin
58%
S-6 Stefan
58%
L-4 Lars
57%
M-8 Matthias
57%
L-5 Louis
56%
S-5 Simon
56%
F-5 Franz
55%
L-4 Lenn
54%
O-6 Oliver
54%
M-6 Matteo
53%
S-3 Sam
53%
T-6 Tobias
53%
A-3 Ali
52%
L-4 Liam
52%
L-3 Lio
52%
M-5 Marco
52%
D-6 Dennis
51%
J-5 Jakob
51%
P-7 Philipp
51%
L-7 Leonard
50%
M-6 Manuel
50%
R-6 Robert
50%
B-7 Bastian
49%
G-5 Georg
49%
H-5 Henry
49%
O-5 Oskar
49%
P-7 Patrick
49%
F-4 Fred
48%
J-6 Julius
48%
M-5 Mario
48%
O-4 Otto
48%
B-2 Bo
47%
J-6 Jannis
47%
J-8 Jonathan
47%
A-5 Aaron
46%
F-5 Fritz
46%
M-6 Marcel
46%
S-4 Samu
46%
S-6 Samuel
46%
C-11 Christopher
45%
K-3 Kai
45%
K-6 Kilian
45%
L-5 Linus
45%
N-4 Noel
45%
O-3 Ole
44%
T-7 Theodor
44%
V-5 Vince
43%
W-5 Willi
43%
A-6 Adrian
42%
D-7 Dominik
42%
R-7 Richard
42%
V-8 Valentin
42%
V-7 Vincent
42%
K-10 Konstantin
41%
L-7 Lennard
41%
M-4 Mike
41%
J-6 Justus
40%
T-4 Toni
40%
B-4 Bene
39%
C-5 Carlo
39%
L-3 Lev
39%
M-6 Marvin
39%
M-5 Matti
39%
N-6 Nikola
39%
Ö-4 Ömer
39%
R-5 Robin
39%
V-6 Viktor
39%
F-9 Friedrich
38%
J-5 Josef
38%
L-6 Ludwig
38%
M-5 Marlo
38%
M-4 Mats
38%
M-4 Milo
38%
B-8 Benedikt
37%
F-8 Frederik
37%
J-6 Joshua
37%
L-4 Levi
37%
M-6 Marius
37%
M-4 Mika
37%
A-5 Armin
36%
D-6 Damian
36%
E-6 Emilio
36%
G-6 Gustav
36%
K-6 Konrad
36%
L-5 Lasse
36%
L-4 Luke
36%
M-5 Malte
36%
M-6 Marlon
36%
L-4 Lion
35%
T-4 Till
35%
T-5 Timon
35%
M-5 Milan
34%
W-7 Wilhelm
34%
A-4 Adam
33%
A-6 Antoni
33%
G-7 Gabriel
33%
G-6 Gregor
33%
L-6 Laurin
33%
H-7 Hendrik
32%
J-4 Joel
32%
L-4 Lino
32%
F-9 Ferdinand
31%
J-5 James
31%
M-6 Michel
31%
R-7 Raphael
31%
J-5 Janne
30%
L-5 Levin
30%
N-7 Nicolas
30%
T-5 Tommy
30%
A-6 Albert
29%
A-3 Ari
29%
F-5 Fabio
29%
H-8 Heinrich
29%
J-5 Jason
29%
L-4 Lian
29%
N-3 Neo
29%
X-5 Xaver
29%
A-7 Antonio
28%
A-6 Arthur
28%
B-5 Bruno
28%
N-4 Nino
28%
T-4 Tino
28%
A-6 Alfred
27%
B-5 Benno
27%
H-6 Henrik
27%
H-4 Hugo
27%
K-4 Kurt
27%
R-5 Roman
27%
A-4 Arne
26%
A-4 Arno
26%
J-5 Jonah
26%
L-8 Leonardo
26%
C-7 Clemens
25%
E-4 Emin
25%
L-7 Leander
25%
L-5 Leano
25%
L-5 Lenny
25%
M-6 Mattis
25%
M-4 Miro
25%
C-7 Charlie
24%
J-6 Jasper
24%
L-6 Lorenz
24%
M-6 Maurice
24%
W-7 William
24%
A-5 Arian
23%
C-6 Carlos
23%
D-6 Darius
23%
E-7 Emanuel
23%
E-5 Erwin
23%
H-5 Hanno
23%
J-4 Jano
23%
M-3 Mio
23%
P-4 Piet
23%
A-7 Alessio
22%
B-5 Björn
22%
I-4 Ivan
22%
J-6 Jannes
22%
K-4 Kian
22%
N-6 Nathan
22%
P-4 Pius
22%
S-5 Silas
22%
T-6 Torben
22%
T-7 Tristan
22%
C-3 Can
21%
D-5 Dario
21%
E-7 Emilian
21%
E-4 Enno
21%
F-5 Fiete
21%
L-7 Laurenz
21%
L-8 Leonhard
21%
L-4 Luan
21%
R-4 Rudi
21%
E-6 Eduard
20%
O-4 Omar
20%
Q-7 Quentin
20%
A-6 August
19%
I-3 Ian
19%
J-5 Jamal
19%
J-5 Jamie
19%
J-4 Jaro
19%
K-5 Kalle
19%
L-7 Leandro
19%
L-4 Leno
19%
M-6 Marian
19%
S-4 Sami
19%
T-5 Thilo
19%
A-4 Amin
18%
C-5 Colin
18%
E-5 Elian
18%
J-7 Janosch
18%
K-5 Karim
18%
L-7 Leopold
18%
L-5 Liano
18%
L-6 Lionel
18%
M-5 Malik
18%
M-6 Merlin
18%
M-4 Mert
18%
M-7 Mustafa
18%
N-4 Nilo
18%
R-3 Rio
18%
B-5 Brian
17%
D-6 Danilo
17%
D-6 Dorian
17%
E-4 Egon
17%
E-4 Elio
17%
J-5 Joris
17%
K-5 Klaas
17%
A-10 Alessandro
16%
B-6 Bennet
16%
F-8 Fridolin
16%
M-6 Mehmet
16%
N-5 Nelio
16%
T-5 Thore
16%
E-4 Eddy
15%
E-5 Edgar
15%
H-7 Henning
15%
J-5 Jaron
15%
J-5 Josua
15%
K-4 Keno
15%
L-4 Lutz
15%
N-5 Nevio
15%
R-4 Ryan
15%
Y-5 Yusuf
15%
A-5 Abdul
14%
A-4 Amir
14%
B-6 Bjarne
14%
C-6 Casper
14%
D-5 Diego
14%
E-4 Emir
14%
L-5 Loris
14%
T-5 Tammo
14%
V-9 Valentino
14%
A-5 Ahmad
13%
A-5 Aurel
13%
D-6 Darian
13%
I-3 Isa
13%
I-4 Issa
13%
J-6 Jesper
13%
J-4 Juri
13%
K-5 Keanu
13%
L-6 Lennox
13%
M-4 Mael
13%
M-6 Mikkel
13%
M-4 Miko
13%
N-7 Nikolai
13%
P-4 Pepe
13%
R-5 Romeo
13%
R-5 Ruben
13%
A-7 Adriano
12%
B-4 Bela
12%
C-6 Connor
12%
D-5 Devin
12%
I-7 Ibrahim
12%
K-9 Korbinian
12%
L-4 Lias
12%
M-6 Magnus
12%
M-6 Mattes
12%
A-4 Alan
11%
A-5 Alwin
11%
A-5 Ammar
11%
E-4 Eren
11%
J-6 Jordan
11%
K-5 Kiano
11%
L-4 Leif
11%
L-8 Leonidas
11%
P-5 Pablo
11%
T-5 Titus
11%
Y-5 Yasin
11%
A-5 Ahmet
10%
A-4 Amar
10%
A-6 Ansgar
10%
A-7 Aurelio
10%
E-4 Enes
10%
F-6 Finley
10%
J-4 Jari
10%
J-6 Jayden
10%
Y-5 Yunus
10%
E-4 Enzo
9%
H-5 Hasan
9%
J-3 Jad
9%
J-5 Jonte
9%
K-4 Kaan
9%
M-5 Mailo
9%
M-6 Mattia
9%
T-5 Tyler
9%
A-8 Abdullah
8%
A-5 Aiden
8%
A-5 Arvid
8%
B-5 Bilal
8%
E-6 Elijah
8%
E-5 Ethan
8%
F-9 Florentin
8%
J-5 Jonne
8%
K-5 Kenan
8%
K-5 Kerim
8%
L-5 Levio
8%
M-6 Miguel
8%
M-6 Mikael
8%
M-5 Miran
8%
N-4 Nael
8%
Q-6 Quirin
8%
E-6 Eliano
7%
E-6 Elliot
7%
E-4 Evan
7%
F-5 Flynn
7%
F-9 Francesco
7%
I-5 Ilyas
7%
J-5 Jarno
7%
K-5 Kjell
7%
N-5 Nolan
7%
S-5 Sinan
7%
Z-4 Zayn
7%
A-4 Adin
6%
A-4 Ares
6%
B-5 Bosse
6%
D-4 Dion
6%
D-5 Dylan
6%
H-5 Hauke
6%
I-5 Illay
6%
J-5 Jakub
6%
J-5 Jorik
6%
J-6 Joscha
6%
L-5 Logan
6%
M-5 Miles
6%
M-6 Milian
6%
N-6 Nikita
6%
S-5 Samir
6%
T-5 Tiago
6%
V-4 Vito
6%
Y-6 Younes
6%
A-4 Adem
5%
A-4 Aren
5%
A-4 Aris
5%
I-5 Isaac
5%
J-5 Junis
5%
K-5 Kerem
5%
K-4 Kuno
5%
L-7 Lorenzo
5%
L-5 Lorik
5%
L-7 Luciano
5%
M-5 Malek
5%
M-5 Maleo
5%
M-5 Mason
5%
M-6 Mikail
5%
M-5 Miron
5%
N-9 Nathanael
5%
R-4 Rian
5%
R-4 Rune
5%
T-5 Timur
5%
U-4 Umut
5%
V-5 Vitus
5%
Y-7 Youssef
5%
A-3 Alp
4%
A-6 Andrej
4%
A-4 Arda
4%
A-5 Aslan
4%
C-5 Caleb
4%
G-8 Giuliano
4%
H-5 Hamza
4%
J-6 Jascha
4%
L-4 Loki
4%
M-5 Malio
4%
S-5 Salih
4%
T-4 Taha
4%
T-5 Tamme
4%
Z-4 Zain
4%
A-9 Alexandru
3%
D-5 Dante
3%
H-7 Hussein
3%
I-4 Ilja
3%
I-6 Ismail
3%
L-5 Louie
3%
M-5 Milas
3%
O-5 Osman
3%
O-4 Otis
3%
R-5 Rayan
3%
S-8 Santiago
3%
S-5 Selim
3%
T-5 Taavi
3%
A-10 Alexandros
2%
A-4 Anas
2%
A-4 Aras
2%
A-4 Arik
2%
A-4 Ayaz
2%
A-5 Azad
2%
B-5 Baran
2%
D-5 Damir
2%
E-3 Efe
2%
E-5 Ensar
2%
H-4 Hadi
2%
H-5 Harun
2%
J-5 Jakov
2%
J-5 Joost
2%
K-5 Karam
2%
K-5 Kiyan
2%
M-7 Mahmoud
2%
M-5 Matei
2%
M-4 Musa
2%
R-6 Ragnar
2%
T-5 Thies
2%
Z-4 Zaid
2%
A-4 Aram
1%
A-6 Artjom
1%
A-4 Ayan
1%
A-5 Ayman
1%
B-5 Berat
1%
S-5 Daris
1%
E-4 Ediz
1%
E-5 Eymen
1%
I-5 Imran
1%
I-4 Ivar
1%
K-6 Khaled
1%
L-5 Lijan
1%
M-5 Mirac
1%
N-4 Naim
1%
N-7 Nikodem
1%
P-5 Petar
1%
T-4 Taim
1%
Y-5 Yaman
1%
Z-4 Zeyd
1%
A-9 Alparslan
0%
D-5 Diyan
0%
I-6 Isaiah
0%
K-5 Karan
0%
K-5 Kuzey
0%
L-6 Lounis
0%
M-5 Mahdi
0%
M-5 Mahir
0%
N-4 Noar
0%
R-5 Rejan
0%
S-5 Sanad
0%
T-5 Tamos
0%
T-6 Thorin
0%
T-4 Tiun
0%
Y-5 Yahya
0%
Y-5 Yazan
0%
Keine übereinstimmenden Quizze gefunden
Verteilung der Resultate
Anzahl Personen mit jedem Resultat
Perzentil nach korrekt beantworteten Fragen
Ihre Resultats-Entwicklung
Sie haben dieses Quiz noch nicht gespielt